000 01218nam a2200337 a 4500
001 ocm76879726
003 OCoLC
005 20100827054243.0
008 070412s2006 sa l 000 0 eng
010 _a 2007325434
040 _aDLC
_cDLC
_dOI@
_dBTCTA
020 _a0958509727
020 _a9780958509725
029 1 _aAU@
_b000041716429
035 _a(OCoLC)76879726
043 _af-sa---
050 0 0 _aKTL3127
_b.A28 2006
082 0 4 _a344.68046
_222
049 _aSZTA
245 0 0 _aCompendium of South African environmental legislation /
_cedited by Morné van der Linde.
260 _a[Pretoria] :
_bPretoria University Law Press,
_c2006.
300 _av, 565 p. ;
_c25 cm.
650 0 _aEnvironmental law
_zSouth Africa.
650 0 _aConservation of natural resources
_xLaw and legislation
_zSouth Africa.
650 0 _aPollution
_xLaw and legislation
_zSouth Africa.
700 1 _aVan der Linde, Morné.
938 _aBaker and Taylor
_bBTCP
_n2007325434
994 _aC0
_bSZT
999 _c1031
_d1031